[Event "Catarinense-ch (Women)"]
[Site "Concordia"]
[Date "2018.02.24"]
[Round "4"]
[White "Nicoladeli, Isadora Da Rocha"]
[Black "Melo, Danieli De"]
[Result "1/2-1/2"]
[WhiteElo "1442"]
[BlackElo "1621"]
[PlyCount "177"]
[EventDate "2018.02.23"]
[EventType "swiss"]
[EventRounds "6"]
[EventCountry "BRA"]
[SourceTitle "EXT 2019"]
[Source "ChessBase"]
[SourceDate "2018.10.10"]
[SourceVersion "1"]
[SourceVersionDate "2018.10.10"]
[SourceQuality "1"]

1. e4 e5 2. Nf3 d6 3. c3 Nf6 4. d4 exd4 5. Qxd4 Nc6 6. Bb5 Bd7 7. Qd3 Ne5 8. Nxe5 dxe5 9. Bg5 Be7 10. 0-0 a6 11. Bc4 Bc6 12. Bxf6 Qxd3 13. Bxd3 Bxf6 14. Na3 0-0 15. Nc2 Be7 16. Ne3 Bc5 17. Ng4 f6 18. Rad1 h5 19. Ne3 Bxe3 20. fxe3 Rad8 21. Bc4+ Kh7 22. Bd5 Rd6 23. c4 Rfd8 24. Rc1 b6 25. Rf3 Be8 26. c5 bxc5 27. Rxc5 c6 28. Bb3 Bg6 29. Bc2 Rb8 30. b3 Rb5 31. Rxb5 cxb5 32. Rf2 Rc6 33. Re2 a5 34. Kf2 a4 35. bxa4 bxa4 36. Bxa4 Rc4 37. Bb3 Rxe4 38. a4 Rb4 39. Bd1 Be4 40. Ra2 Bd5 41. Rd2 Bc6 42. a5 Kh6 43. a6 Rb8 44. Be2 Ba8 45. Ra2 Kg5 46. Ra5 Kh6 47. Bf3 e4 48. Bxh5 g6 49. Be2 f5 50. Bc4 Rd8 51. a7 Rd7 52. Ra6 Rd2+ 53. Kf1 Rd1+ 54. Ke2 Rd7 55. Be6 Rc7 56. Kd2 Kg5 57. Bb3 Rb7 58. Kc3 Rd7 59. Ba4 Rc7+ 60. Kd4 Kh5 61. Ke5 Kg5 62. Kd6 Rc3 63. Rb6 Rxe3 64. Bc6 Ra3 65. Bxa8 Rxa7 66. Bd5 Ra1 67. Rb3 Kf4 68. g3+ Kg4 69. Bf7 g5 70. Ke5 Ra5+ 71. Kd4 Kh3 72. Rb2 Kg4 73. Be6 Kf3 74. Bb3 Ra1 75. Rd2 Kg4 76. Bd1+ Kh3 77. Ke5 Ra5+ 78. Kd4 Ra1 79. Bb3 Rh1 80. Rf2 Rxh2 81. Rxf5 Kxg3 82. Rxg5+ Kf4 83. Rg8 Rd2+ 84. Kc3 e3 85. Rf8+ Kg3 86. Bc4 Rd6 87. Re8 Kf2 88. Re7 Kf3 89. Re8 1/2-1/2

[Event "Florianopolis op 4th"]
[Site "Florianopolis"]
[Date "2018.01.19"]
[Round "1"]
[White "Melo, Danieli De"]
[Black "Sanches de Carvalho, Fabio"]
[Result "0-1"]
[WhiteElo "1621"]
[BlackElo "1825"]
[PlyCount "55"]
[EventDate "2018.01.19"]
[EventType "swiss"]
[EventRounds "10"]
[EventCountry "BRA"]
[SourceTitle "CBM 182 Extra"]
[Source "ChessBase"]
[SourceDate "2018.02.23"]
[SourceVersion "1"]
[SourceVersionDate "2018.02.23"]
[SourceQuality "1"]

1. d4 d5 2. c4 c6 3. e3 Nf6 4. Nc3 a6 5. Nf3 Bf5 6. Qb3 b5 7. cxd5 cxd5 8. a4 Qa5 9. Bd2 b4 10. Na2 Nc6 11. Nxb4 Qb6 12. Rc1 Na5 13. Qa2 e6 14. Nd3 Ne4 15. b4 Nxd2 16. bxa5 Nxf3+ 17. gxf3 Qxa5+ 18. Qd2 Qxa4 19. Nc5 Bxc5 20. Rxc5 0-0 21. Rg1 Rab8 22. Be2 Rfc8 23. e4 Rxc5 24. exf5 Rb1+ 25. Bd1 Rcc1 26. Rxg7+ Kxg7 27. Qg5+ Kf8 28. h3 0-1

[Event "Porto Alegre IRT U2200 1st"]
[Site "Porto Alegre"]
[Date "2016.04.09"]
[Round "1.11"]
[White "Melo, Danieli De"]
[Black "Perondi, Rodolfo Antonio"]
[Result "1/2-1/2"]
[WhiteElo "1800"]
[BlackElo "1776"]
[PlyCount "93"]
[EventDate "2016.04.09"]
[EventType "swiss"]
[EventRounds "5"]
[EventCountry "BRA"]
[SourceTitle "EXT 2022"]
[Source "ChessBase"]
[SourceDate "2021.10.06"]
[SourceVersion "1"]
[SourceVersionDate "2021.10.06"]
[SourceQuality "1"]

1. d4 Nf6 2. c4 e6 3. Bg5 h6 4. Bxf6 Qxf6 5. Nf3 c5 6. Nc3 cxd4 7. Qxd4 Bb4 8. Rc1 Nc6 9. Qxf6 gxf6 10. a3 Be7 11. e3 Rg8 12. g3 b6 13. Bg2 Rb8 14. 0-0 Na5 15. Nd2 f5 16. Nb5 a6 17. Nd4 Bb7 18. b4 Bxg2 19. Kxg2 Nc6 20. N2f3 Bf6 21. Rfd1 Nxd4 22. Nxd4 Rc8 23. Rc2 Ke7 24. Rdc1 Bxd4 25. exd4 Rg4 26. f4 Rgg8 27. c5 b5 28. Re1 Kf6 29. Rd2 a5 30. d5 axb4 31. axb4 Ra8 32. dxe6 dxe6 33. Kf3 Ra4 34. Rb2 Rd8 35. Re3 Rd4 36. Reb3 Rc4 37. h3 e5 38. fxe5+ Kxe5 39. g4 fxg4+ 40. hxg4 Rf4+ 41. Kg3 Rc4 42. Rf2 Raxb4 43. Rf5+ Ke6 44. Re3+ Re4 45. Rxe4+ Rxe4 46. Kf3 Re5 47. Rf4 1/2-1/2

[Event "Porto Alegre IRT U2200 1st"]
[Site "Porto Alegre"]
[Date "2016.04.09"]
[Round "2.12"]
[White "Mentges, Antonio Esidio"]
[Black "Melo, Danieli De"]
[Result "1-0"]
[WhiteElo "1741"]
[BlackElo "1800"]
[PlyCount "87"]
[EventDate "2016.04.09"]
[EventType "swiss"]
[EventRounds "5"]
[EventCountry "BRA"]
[SourceTitle "EXT 2022"]
[Source "ChessBase"]
[SourceDate "2021.10.06"]
[SourceVersion "1"]
[SourceVersionDate "2021.10.06"]
[SourceQuality "1"]

1. e4 e5 2. Nf3 Nc6 3. Bc4 g6 4. d3 Bg7 5. Nc3 Nge7 6. 0-0 0-0 7. a3 d6 8. h3 Kh8 9. Ng5 Qe8 10. Nb5 Qd7 11. Nxf7+ Rxf7 12. Bxf7 Qd8 13. Ba2 a6 14. Nc3 Nd4 15. Be3 Nec6 16. Ne2 Nxe2+ 17. Qxe2 Qf6 18. c3 Be6 19. Bxe6 Qxe6 20. f4 exf4 21. Rxf4 Rf8 22. Rxf8+ Bxf8 23. Rf1 Bg7 24. Qf3 Ne5 25. Qe2 c5 26. d4 Nc4 27. Bc1 cxd4 28. b3 Na5 29. b4 Nc4 30. cxd4 Bxd4+ 31. Kh1 b5 32. Bh6 Bg7 33. Bxg7+ Kxg7 34. Qf2 Qe7 35. Qd4+ Kh6 36. a4 Qg5 37. Rf7 Ne5 38. Rf8 Qh4 39. Qe3+ Kg7 40. Rf4 Qh5 41. axb5 axb5 42. Qd2 Nc4 43. Qd4+ Kh6 44. Qf6 1-0